| 000 | 00428nam a2200157 i 4500 | ||
|---|---|---|---|
| 001 | 102560 | ||
| 003 | ES-MaACL | ||
| 005 | 20230906183132.0 | ||
| 007 | t| | ||
| 008 | 051117s1971 sp ||||1| spa d | ||
| 100 | 1 |
_aMerino, José. _980519 |
|
| 245 | 1 | 0 |
_aDiccionario de dudas inglés-español / _cJosé Merino. |
| 260 |
_aMadrid : _bParaninfo, _c1971. |
||
| 300 |
_a324 p. ; _c22 cm. |
||
| 852 |
_aES-MaACL _jC-39100 _bR.79295 |
||
| 999 |
_c102560 _d102560 |
||